Optimalizácia daňových odpisov a dodatočný výnos

Kategória odpisu z investičného majetku. V zmysle legislatívy a ekonomických uzancií v SR rozlišujeme účtovné odpisy a daňové odpisy. Uplatnenie ročného odpisu. Uplatnenie odpisu v polovičnej výške z ročného odpisu. Príklady z praxe.

Salvato in:
Dettagli Bibliografici
Autore principale: Jánoš, Daniel
Natura: Capitolo di libro
Lingua:slovacco
Soggetti:
Tags: Aggiungi Tag
Nessun Tag, puoi essere il primo ad aggiungerne!!

MARC

LEADER 00000naa a2200000 4500
001 r034029
005 20230919084158.9
041 0 |a slo 
044 |a SK 
245 1 0 |a Optimalizácia daňových odpisov a dodatočný výnos  |c Daniel Jánoš 
520 |a Kategória odpisu z investičného majetku. V zmysle legislatívy a ekonomických uzancií v SR rozlišujeme účtovné odpisy a daňové odpisy. Uplatnenie ročného odpisu. Uplatnenie odpisu v polovičnej výške z ročného odpisu. Príklady z praxe. 
610 2 0 |a odpisy 
610 2 0 |a výnosy 
610 2 0 |a majetok hmotný 
610 2 0 |a majetok investičný 
610 2 0 |a odpisy daňové 
610 2 0 |a odpisy účtovné 
610 2 0 |a optimalizácia 
610 2 0 |a optimalizácia daňová 
100 1 |a Jánoš, Daniel